<?xml version="1.0" encoding="UTF-8"?><?xml-stylesheet type="text/xsl" href="static/style.xsl"?><OAI-PMH xmlns="http://www.openarchives.org/OAI/2.0/" xmlns:xsi="http://www.w3.org/2001/XMLSchema-instance" xsi:schemaLocation="http://www.openarchives.org/OAI/2.0/ http://www.openarchives.org/OAI/2.0/OAI-PMH.xsd"><responseDate>2026-04-18T02:57:05Z</responseDate><request verb="GetRecord" identifier="oai:www.recercat.cat:2072/468758" metadataPrefix="marc">https://recercat.cat/oai/request</request><GetRecord><record><header><identifier>oai:recercat.cat:2072/468758</identifier><datestamp>2024-11-04T05:55:38Z</datestamp><setSpec>com_2072_98</setSpec><setSpec>col_2072_378192</setSpec></header><metadata><record xmlns="http://www.loc.gov/MARC21/slim" xmlns:dcterms="http://purl.org/dc/terms/" xmlns:xsi="http://www.w3.org/2001/XMLSchema-instance" xmlns:doc="http://www.lyncode.com/xoai" xsi:schemaLocation="http://www.loc.gov/MARC21/slim http://www.loc.gov/standards/marcxml/schema/MARC21slim.xsd">
   <leader>00925njm 22002777a 4500</leader>
   <datafield ind2=" " ind1=" " tag="042">
      <subfield code="a">dc</subfield>
   </datafield>
   <datafield ind2=" " ind1=" " tag="720">
      <subfield code="a">Pérez-Ordóñez, Cristina</subfield>
      <subfield code="e">author</subfield>
   </datafield>
   <datafield ind2=" " ind1=" " tag="720">
      <subfield code="a">Morneo-Albarracín, Belén</subfield>
      <subfield code="e">author</subfield>
   </datafield>
   <datafield ind2=" " ind1=" " tag="720">
      <subfield code="a">Torres-Martín, José Luis</subfield>
      <subfield code="e">author</subfield>
   </datafield>
   <datafield ind2=" " ind1=" " tag="720">
      <subfield code="a">Castro-Martínez, Andrea</subfield>
      <subfield code="e">author</subfield>
   </datafield>
   <datafield ind2=" " ind1=" " tag="260">
      <subfield code="c">2023</subfield>
   </datafield>
   <datafield ind2=" " ind1=" " tag="520">
      <subfield code="a">Los festivales de música constituyen uno de los principales productos de la industria musical actual debido a su proliferación en todo el mundo. En España, se cuenta con una población formada por casi 900 acontecimientos de estas características. En un mercado tan competitivo, disponer de elementos corporativos diferenciadores se convierte en una necesidad, entre los que destaca la identidad visual corporativa (IVC). Este trabajo propone un análisis de la IVC atendiendo a variables iconográficas y narrativas, de los festivales más multitudinarios de los que se desarrollaron en 2022 en el territorio nacional, considerando tanto macro eventos -aquellos con más de 100.000 asistentes- como de ciclo, según el ránking del Anuario de la Música en Directo (APM, 2023). Para su estudio se ha empleado una herramienta de análisis en la que se incluyen variables estructurales, textuales, plásticas, icónicas, identificativas y de preferencia. Los resultados señalan que los organizadores de festivales prefieren marcas de trazos simples, tipografías sencillas y legibles, trazos medios y una apuesta por la bicromía.</subfield>
   </datafield>
   <datafield ind2=" " ind1=" " tag="520">
      <subfield code="a">Music festivals are one of the leading products of the current music industry, given their spread worldwide. In Spain, there is a population of nearly 900 of these events. In such a competitive market, differentiating corporate elements, particularly the corporate visual identity (CVI), becomes a priority. This work proposes an analysis of the CVI, taking into account iconographic and narrative variables, of the most crowded festivals that were held in Spain in 2022, considering both macro events -those with more than 100,000 attendees- and seasonal events, according to the ranking of the Anuario de la Música en Directo (APM, 2023). It has been used as an analysis tool for the study, which includes structural, textual, plastic, iconic, identifying and preference dimensions. The findings show that festival organisers prefer brands with simple lines, accessible and legible typefaces, medium strokes and a commitment to two-colour printing.</subfield>
   </datafield>
   <datafield ind1="8" ind2=" " tag="024">
      <subfield code="a">http://hdl.handle.net/2072/468758</subfield>
   </datafield>
   <datafield tag="653" ind2=" " ind1=" ">
      <subfield code="a">Corporate visual identity</subfield>
   </datafield>
   <datafield tag="653" ind2=" " ind1=" ">
      <subfield code="a">Graphic design</subfield>
   </datafield>
   <datafield tag="653" ind2=" " ind1=" ">
      <subfield code="a">Logotype</subfield>
   </datafield>
   <datafield tag="653" ind2=" " ind1=" ">
      <subfield code="a">Visual trends</subfield>
   </datafield>
   <datafield tag="653" ind2=" " ind1=" ">
      <subfield code="a">Identidad visual corporativa</subfield>
   </datafield>
   <datafield tag="653" ind2=" " ind1=" ">
      <subfield code="a">Diseño gráfico</subfield>
   </datafield>
   <datafield tag="653" ind2=" " ind1=" ">
      <subfield code="a">Logotipo</subfield>
   </datafield>
   <datafield tag="653" ind2=" " ind1=" ">
      <subfield code="a">Festivales de música</subfield>
   </datafield>
   <datafield tag="653" ind2=" " ind1=" ">
      <subfield code="a">Tendencias visuales</subfield>
   </datafield>
   <datafield tag="653" ind2=" " ind1=" ">
      <subfield code="a">Corporate visual identity</subfield>
   </datafield>
   <datafield tag="653" ind2=" " ind1=" ">
      <subfield code="a">Music festivals</subfield>
   </datafield>
   <datafield ind2="0" ind1="0" tag="245">
      <subfield code="a">La identidad visual corporativa (IVC) en los festivales de música : Principales tendencias en España</subfield>
   </datafield>
</record></metadata></record></GetRecord></OAI-PMH>